[Event "Danish Club Cup 2021"]
[Site "Koge"]
[Date "2021.06.27"]
[Round "5.3"]
[White "Jogstad, Martin"]
[Black "Thogersen, Rasmus"]
[Result "0-1"]
[WhiteElo "2334"]
[BlackElo "2300"]
[EventDate "2021.06.25"]
[EventType "team-tourn"]
[EventRounds "5"]
[EventCountry "DEN"]
[WhiteTeam "Nordkalotten"]
[BlackTeam "SK1968"]

1.
d4  Nf6  2. c4  g6  3. Nc3  Bg7  4. e4  d6  5. Nf3  O-O  6. h3  Na6  7. Be3  e5  8. d5  Nc5  9. Nd2  a5  10. a3  Ne8  11. b4  axb4  12. axb4  Rxa1  13. Qxa1  Na6  14. Qa3  f5  15. Ba7  Bh6  16. c5 
Bxd2+  17. Kxd2  fxe4  18. c6  b6  19. Nxe4  Nf6  20. Nxf6+  Qxf6  21. Bxa6 
Bxa6  22. Qxa6  Qxf2+  23. Kc3
 Qd4+  24. Kb3  Rf2  25. Qa1  Qxd5+  26. Ka3  Qd3+  27. Ka4  Qc4  28. Ka3  Rc2  29. Bxb6  cxb6  30. Ka4  Qxc6+  31. Ka3  Qc4  32. Ka4  Ra2+  33. Qxa2
 Qxa2+  34. Kb5  Qxg2  35. Ra1  Qd5+  36. Kxb6  Qd4+   0-1

[Event "Danish Club Cup 2021"]
[Site "Koge"]
[Date "2021.06.27"]
[Round "5.4"]
[White "Matthiesen, Martin"]
[Black "Kristensen, Kaare Hove"]
[Result "1/2-1/2"]
[WhiteElo "2296"]
[BlackElo "2340"]
[EventDate "2021.06.25"]
[EventType "team-tourn"]
[EventRounds "5"]
[EventCountry "DEN"]
[WhiteTeam "SK1968"]
[BlackTeam "Nordkalotten"]

1. d4  d5  2. c4  e6  3. Nc3  c6  4. e3  Nf6  5. Nf3  Nbd7  6. Be2  dxc4  7. a4
 c5  8. Nd2  cxd4  9. exd4  Be7  10. a5  Nb8
 11. Nxc4  Bd7  12. Ne5  Bc6  13. O-O  O-O  14. Bf3  Bxf3  15. Qxf3 
Nd5  16. Nxd5  Qxd5   1/2-1/2

[Event "Danish Club Cup 2021"]
[Site "Koge"]
[Date "2021.06.27"]
[Round "5.5"]
[White "Sylvan, Jacob"]
[Black "Ramsdal, Jens Albert"]
[Result "1/2-1/2"]
[WhiteElo "2313"]
[BlackElo "2263"]
[EventDate "2021.06.25"]
[EventType "team-tourn"]
[EventRounds "5"]
[EventCountry "DEN"]
[WhiteTeam "Nordkalotten"]
[BlackTeam "SK1968"]

1. d4  Nf6  2. c4  e6 3. g3  d5  4. Nf3  Be7  5. Bg2  O-O  6.
O-O  dxc4  7. Qc2  a6  8. a4  Bd7  9. Qxc4 
Bc6  10. Bf4  Bd6  11. Qc1  Bxf4  12. Qxf4  Qd6  13. Qxd6  cxd6  14. Nc3  Nbd7  15. Rfc1  Rfc8  16. Nd2
 Bxg2  17. Kxg2  Rc6  18. Na2  Rac8  19. Rxc6  Rxc6  20. Rc1  Rxc1  21. Nxc1
 d5  22. Nd3  Kf8  23. f3  Ke7  24. e4  Ne8  25. e5  Nc7  26. f4  a5  27. Kf3  b5  28.
axb5  Nxb5  29. Ke3  a4  30. g4  Nb6  31. Nc5  a3  32. bxa3  Nxa3  33.
Kd3  Nac4  34. Nf3  h6  35. h4  Nb2+  36. Kc2  N2c4  37. Kd3  Nb2+ 
38. Kc2  N2c4  39. Kd3   1/2-1/2

[Event "Danish Club Cup 2021"]
[Site "Koge"]
[Date "2021.06.27"]
[Round "5.6"]
[White "Hansen, Lars"]
[Black "Schmidt, Kristen"]
[Result "0-1"]
[WhiteElo "2191"]
[BlackElo "2300"]
[EventDate "2021.06.25"]
[EventType "team-tourn"]
[EventRounds "5"]
[EventCountry "DEN"]
[WhiteTeam "SK1968"]
[BlackTeam "Nordkalotten"]

1. d4  Nf6  2. Bg5  c5  3. d5  Ne4  4. Bf4  Qb6  5. Bc1  e6  6. f3  Qa5+  7. c3  Nf6  8. e4  d6  9. Na3  exd5  10. exd5  Be7  11. Nc4  Qc7  12. Ne2  O-O  13. Ng3  Re8  14. a4  h5  15. Be2  h4  16. Ne4  Nxe4  17. fxe4  Nd7 
18. Bf4  Bf8  19. O-O  Nb6  20. Nd2  Qe7  21. Bd3  g6  22. h3  f6  23. Qf3
 Bg7  24. Rae1  Rf8  25. a5 Nd7 26. Qf2 Ne5 27. Bc2 Bd7 28. c4 b5 29. axb6 axb6 30. Nf3 g5
31. Bxe5 fxe5 32. Qd2 Rf4 33. Nh2 b5 34. b3 Ra2 35. Qd1 b4 36. Qb1 Ra3 37. Bd1
Be8 38. Bg4 Kh8 39. Bf5 Qa7 40. Ng4 Bh5 41. Qd1 Ra2 42. Qb1 Qa3 43. Rd1 Rb2 44.
Qa1 Rxb3 45. Qxa3 Rxa3 46. Rfe1 Bxg4 47. hxg4 Ra2 48. Ra1 Rff2 49. Rxa2 Rxa2
50. Be6 Bf6 51. Rc1 Kg7 52. Rf1 Ra7 53. Kh2 Bd8 54. Rf3 Rb7 55. Rb3 Kf8 56. Bc8
Rb8 57. Bd7 Ra8 58. Rf3+ Ke7 59. Be6 Ra3 60. Rf7+ Ke8 61. Rb7 Rc3 62. Bf7+ Kf8
63. Be6 Rxc4 64. Rh7 b3 65. Rh8+ Kg7 66. Rxd8 b2 67. Rg8+ Kh7 68. Rxg5 b1=Q 69.
Rh5+ Kg6 70. Bf5+ Kg7  0-1

[Event "Danish Club Cup 2021"]
[Site "Koge"]
[Date "2021.06.27"]
[Round "5.1"]
[White "Thybo, Jesper Sondergaard"]
[Black "Marchena Hurtado, Javier"]
[Result "1-0"]
[WhiteElo "2573"]
[BlackElo "2364"]
[EventDate "2021.06.25"]
[EventType "team-tourn"]
[EventRounds "5"]
[EventCountry "DEN"]
[WhiteTeam "Koge"]
[BlackTeam "Obro"]

1. d4 
Nf6  2. c4  g6  3. Nc3  Bg7  4. e4  d6 
5. Nf3  O-O  6. Be2  e5  7. O-O  Nbd7  8. Qc2  c6  9. Be3  Qe7  10.
Rad1  h6  11. h3  exd4  12. Bxd4  Ne5  13. Qd2  Kh7  14. Rfe1  b6  15. Be3  Ne8  16. Nd4  Bb7
 17. f4  Nd7  18. Bf3  Rd8  19. Bf2  Nc5  20.
b4  Na6  21. b5  cxb5  22. cxb5  Nc5  23. Nd5 
Bxd5  24. exd5  Qf6  25. Nc6  Rd7  26. Nd4  Nc7  27. g3  Re8  28. Rxe8 
Nxe8  29. Nc6  Qc3  30. Qe2  Nc7  31. Kg2  Qa3  32. f5  gxf5  33. Qc2  Kg8
 34. Qxf5  Qxa2  35. Re1  Qd2  36. Re2  Qg5  37. Bg4  Qxf5  38. Bxf5 
N7e6  39. dxe6  fxe6  40. Rxe6
 Rf7  41. Re8+   1-0

[Event "Danish Club Cup 2021"]
[Site "Koge"]
[Date "2021.06.27"]
[Round "5.2"]
[White "Nielsen, Viktor Haarmark"]
[Black "Rozentalis, Eduardas"]
[Result "1/2-1/2"]
[WhiteElo "2298"]
[BlackElo "2526"]
[EventDate "2021.06.25"]
[EventType "team-tourn"]
[EventRounds "5"]
[EventCountry "DEN"]
[WhiteTeam "Obro"]
[BlackTeam "Koge"]

1. e4  c6  2. d4  d5  3. Nd2  Qc7  4. Bd3  dxe4  5. Nxe4
 Bf5  6. Nf3  Nd7  7. Qe2  Bxe4  8. Qxe4  e6
 9. O-O  Ngf6  10. Qe2  Bd6  11. Re1  Bf4  12. Ne5  Bxc1  13. Raxc1 
O-O  14. c3  Rad8  15. Rcd1  c5  16. Nxd7  Nxd7  17. dxc5  Nxc5  18. Bc2 
g6  19. g3  a5  20. Qb5  b6  21. Qc4  b5  22. Qh4  Qb6  23. Qf4  b4  24. cxb4  axb4  25. h4  b3  26. axb3  Nxb3  27. Bxb3  Qxb3  28. Rxd8 
Rxd8  29. Qf6  Rd1  30. Rxd1  Qxd1+  31. Kg2  h5  32. Qe5  Qb3  33. Qc3 
Qd5+  34. Kg1  Qd1+  35. Kg2  Qd5+  36. Kh2  e5  37. b4  e4  38. Qc5  Qxc5
 39. bxc5  Kf8  40. Kg2  Ke7  41. Kf1  Ke6  42. Ke2  Kd5  43. Ke3 
Kxc5  44. Kxe4  Kd6  45. Kf4  f6  46. f3  Ke6  47. g4  hxg4  48. fxg4  Kf7  49. g5  Ke6  50. gxf6   1/2-1/2

[Event "Danish Club Cup 2021"]
[Site "Koge"]
[Date "2021.06.27"]
[Round "5.3"]
[White "Danielsen, Henrik"]
[Black "Hansen, Soren Bech"]
[Result "1-0"]
[WhiteElo "2516"]
[BlackElo "2274"]
[EventDate "2021.06.25"]
[EventType "team-tourn"]
[EventRounds "5"]
[EventCountry "DEN"]
[WhiteTeam "Koge"]
[BlackTeam "Obro"]

1. g3  Nf6  2. Bg2  c5  3. e4  e6  4. Nh3  Nc6  5. d3  Be7  6. O-O  O-O  7. f4  d6  8. g4  d5  9. g5  Ne8 
10. c4  dxc4  11. dxc4  Qxd1  12. Rxd1  Nd4  13. Nc3  Bd7  14. Be3  Bc6  15. Bxd4  cxd4  16. Ne2 
Rd8  17. Nf2  e5  18. fxe5  Bxg5  19. Nxd4  Nc7  20. Nxc6  bxc6  21. Rd6  c5  22. Rad1  Ne6  23. R1d5  Be3  24. Kf1  Rb8  25. Nd3  Bd4  26. b3  a5  27. Ra6  f5  28. Ke2  fxe4  29. Bxe4  Nf4+ 
30. Kd2  Nxd3  31. Kxd3  Rf2  32. Rxd4  cxd4  33. c5  Rxa2  34. Bd5+  Kf8  35. c6  Ra1  36. Ra7 
a4  37. c7  Rc8  38. Be6  axb3  39. Rxa1  Rxc7  40. Kxd4  b2  41. Rb1 
Rc2  42. h3  g6  43. Bc4  Ke7  44. Kd3  Rh2  45. Kc3  Rxh3+  46. Kxb2 
Re3  47. e6  h5  48. Kc2  h4  49. Rb7+  Kf6  50. Kd2  Re5  51. Rf7+ 
Kg5  52. Rh7  Re4  53. e7  h3  54. Bb5   1-0

[Event "Danish Club Cup 2021"]
[Site "Koge"]
[Date "2021.06.27"]
[Round "5.4"]
[White "Larsen, Karsten"]
[Black "Smith, Axel"]
[Result "0-1"]
[WhiteElo "2244"]
[BlackElo "2449"]
[EventDate "2021.06.25"]
[EventType "team-tourn"]
[EventRounds "5"]
[EventCountry "DEN"]
[WhiteTeam "Obro"]
[BlackTeam "Koge"]

1. Nf3  c5  2. c4  Nc6  3. g3  g6 
4. Bg2  Bg7  5. O-O  d6  6. Nc3  Bf5  7. d3  Qd7  8. Nd5  Nf6  9. Nh4  Bg4  10. f3  Be6  11. Nf4  d5  12. Nxe6 
Qxe6  13. b3  dxc4  14. bxc4  Ne4  15. fxe4  Bxa1  16. Bh6  Bf6  17. Nf3 
Ne5  18. Ng5  Bxg5  19. Bxg5  h5  20. Qb3  b6  21. Qb2  f6  22. Bf4  Rd8  23. a4  Qd6  24. Kh1  Qd4  25. Qb5+  Qd7  26.
Qb2  Qd4  27. Qb5+  Qd7  28. Qb2  O-O  29. Qa1  Qd4  30. Qc1  Qd7  31.
Qa1  Kh7  32. h3  Qd4  33. Qc1  Qd7  34. Qa1 
Qd4  35. Qc1  Qd6  36. Qe1  Kg7  37. Qc1  g5  38. Be3  Ng6  39. Qe1  h4
 40. g4  e5  41. Bd2  Nf4  42. Bc3  Qd7  43.
Qd1  a6  44. Re1  b5  45. axb5  axb5  46. cxb5  Qxb5  47. Qc2  Rb8  48.
Bf1  Qb3  49. Qc1  Rfd8  50. Rd1  Ne6  51. e3  Qb7  52. Bg2  Rd6  53.
Ba1  Rbd8  54. Qc2  R8d7  55. Kh2  Qb6  56. Bf1  Rb7  57. Rc1  Qb3  58.
Qf2  Ra7  59. Kg1  Ra2  60. Qf5  Qb6  61. Bc3  Nf8  62. Ba1  Ng6  63.
Qc8  Qc6  64. Qb8  Qb6  65. Qc8  Rd8  66. Qf5  Qa5  67. Bc3  Qa7  68.
Qe6  Ra6  69. Qc4  Ra4  70. Qe6  Qd7  71. Qb6  Qd6  72. Qb3  Raa8  73.
Qc4  Kh6  74. Qf7  Rd7  75. Qb3  Rc7  76. Qc4  Rca7  77. Qb5  Ne7  78.
Qc4  Ng6  79. Qb5  Rb8  80. Qc4  Rab7  81. Ra1  Rb1  82. Ra7  R8b7  83. Ra6  R7b6  84. Ra7 
Rb7  85. Ra6  R1b6  86. Ra8  Rd7  87. Qa2  c4  88. Qxc4  Rc7  89. Qg8 
Rxc3  90. Rd8  Qe6   0-1

[Event "Danish Club Cup 2021"]
[Site "Koge"]
[Date "2021.06.27"]
[Round "5.5"]
[White "Ahlander, Bjorn"]
[Black "Jorgensen, Brian Jorgen"]
[Result "1-0"]
[WhiteElo "2398"]
[BlackElo "2224"]
[EventDate "2021.06.25"]
[EventType "team-tourn"]
[EventRounds "5"]
[EventCountry "DEN"]
[WhiteTeam "Koge"]
[BlackTeam "Obro"]

1. d4  f5  2. Nf3  Nf6  3. g3  g6  4. c3  Bg7  5. Qb3  e6  6. Bg2  O-O  7. O-O  Qe7  8. Ne5  c6  9. Nd2  d6  10. Qa3  Qc7  11. Nec4  d5  12.
Ne5  Ng4  13. Nxg4  fxg4  14. e4  b6  15. Re1  Qf7  16. f4  gxf3  17.
Nxf3  e5  18. dxe5  Bg4  19. e6  Qxe6  20. exd5  Qxd5  21. Ne5  Qe6  22. Bf4  Qc8  23. Qb3+ 
Be6  24. Nxc6  Nxc6  25. Rxe6  Na5  26. Qd5  Kh8  27. Be5  Rf5  28. Qxa8 
 1-0

[Event "Danish Club Cup 2021"]
[Site "Koge"]
[Date "2021.06.27"]
[Round "5.6"]
[White "Christensen, Christian Sylvester"]
[Black "Antonsen, Mikkel"]
[Result "0-1"]
[WhiteElo "2111"]
[BlackElo "2397"]
[EventDate "2021.06.25"]
[EventType "team-tourn"]
[EventRounds "5"]
[EventCountry "DEN"]
[WhiteTeam "Obro"]
[BlackTeam "Koge"]

1. d4  Nf6  2. Nc3  d5  3. Bg5  h6  4. Bxf6  exf6  5. e4  Bb4  6. Bd3  O-O  7. Nge2  c5  8. exd5  cxd4  9. Nxd4  Qxd5  10. O-O  Bxc3  11. bxc3  Qa5  12. Qf3 
Nd7  13. Qe4  g6  14. Rfe1  Ne5  15. Rad1  Qxc3  16. Bf1  Kg7  17. Nb5 
Qa5  18. Nd6  Qb6  19. Qf4  Bg4  20. Rxe5  Bxd1  21. Rf5  Qb2  22. c3 
Qxc3  23. Ne4  Qa1  24. Rxf6  Be2  25. h4  Bxf1  26. Kh2  Rae8  27. Nd6 
Qxf6  28. Nxe8+  Rxe8  29.
Qxf6+  Kxf6   0-1

[Event "Danish Club Cup 2021"]
[Site "Koge"]
[Date "2021.06.27"]
[Round "5.1"]
[White "Hillarp Persson, Tiger"]
[Black "Hansen, Sune Berg"]
[Result "1-0"]
[WhiteElo "2538"]
[BlackElo "2533"]
[EventDate "2021.06.25"]
[EventType "team-tourn"]
[EventRounds "5"]
[EventCountry "DEN"]
[WhiteTeam "Bronshoj"]
[BlackTeam "Hillerod"]

1. d4 
d5  2. c4  e6  3. Nc3  Nf6  4. cxd5  exd5  5.
Bg5  c6  6. e3  Be7  7. Bd3  Nbd7  8. Nge2 
O-O  9. f3  Re8  10. Qd2  Nf8  11. Bh4  b5  12. Bf2  Ne6  13. O-O  Bb7
 14. Rad1  g6  15. Nf4  Bf8  16. Rfe1  a6  17. Bf1  Bh6  18. Nce2 
Nf8  19. Nd3  N8d7  20. Nec1  a5  21. Nb3  Nf8  22. Rc1  N6d7  23. Nbc5 
Nxc5  24. Nxc5  Bc8  25. Nd3  Bb7  26. Ne5  Re6  27. g3  Bg7  28. Nd3  Re8
 29. Bg2  Ne6  30. Rc2  Qe7  31. Rec1  Bh6  32. f4  Nd8  33. g4  f6  34. h3  Qd6  35. h4  Bc8  36. g5  Bg7  37.
gxf6  Bxf6  38. Ne5  Ra6  39. e4  Be6  40. h5  dxe4  41. Bxe4  Bf5 
42. Bxf5  gxf5  43. Qd3  Ra7  44. Qxf5  Rg7+  45. Kh2  Rf8  46. Rg1  Bg5  47. Qxg5  Rxg5  48. Rxg5+ 
Kh8  49. d5  Rxf4  50. dxc6  Ne6  51. Bg3  Qd1  52. Bxf4  Qxc2+  53. Rg2 
Qf5  54. Nf7+   1-0

[Event "Danish Club Cup 2021"]
[Site "Koge"]
[Date "2021.06.27"]
[Round "5.2"]
[White "Schandorff, Lars"]
[Black "Vasli, Aref"]
[Result "0-1"]
[WhiteElo "2463"]
[BlackElo "2384"]
[EventDate "2021.06.25"]
[EventType "team-tourn"]
[EventRounds "5"]
[EventCountry "DEN"]
[WhiteTeam "Hillerod"]
[BlackTeam "Bronshoj"]

1. Nf3  Nf6  2. g3  d5  3. Bg2
 Bg4  4. c4  c6  5. O-O  Nbd7  6. cxd5  cxd5  7. d3  e6  8. Nc3  Be7  9. h3  Bh5  10. Bf4  O-O  11. Rc1  Qb6  12. Na4  Qa6  13. a3  Rfc8
 14. Qb3  Nc5  15. Nxc5  Bxc5  16. Rc2  Qb6  17. Qxb6  Bxb6  18. Rfc1 
Rxc2  19. Rxc2  Bxf3  20. Bxf3
 Kf8  21. Bc7  Bxc7  22. Rxc7  Rb8  23. e4 
Ne8  24. Rc2  dxe4  25. dxe4  e5  26. Rc5  f6  27. Bg4  Ke7  28. Kf1  Rd8  29. Ke2  Rd4  30. f3  Rd6  31. h4  Rc6  32.
Rxc6  bxc6  33. Kd3  Nd6  34. a4  a5  35. h5  g6  36. hxg6  hxg6  37. f4
 c5  38. fxe5  fxe5  39. Bf3  c4+  40. Kc3 
Kd7  41. b4  cxb3  42. Kxb3  Kc6  43. Kc3  Kc5  44. Bg2  Ne8  45. Bf3  Nf6
 46. Kd3  Kb4  47. Bd1  Nd7  48. Ke3  Nc5  49. Kf3  Nxa4  50. Kg4 
Nc5  51. Kg5  Nxe4+  52. Kxg6  Nxg3  53. Kg5  Kc3   0-1

[Event "Danish Club Cup 2021"]
[Site "Koge"]
[Date "2021.06.27"]
[Round "5.3"]
[White "Hoi, Carsten"]
[Black "Percivaldi, Martin"]
[Result "1/2-1/2"]
[WhiteElo "2350"]
[BlackElo "2378"]
[EventDate "2021.06.25"]
[EventType "team-tourn"]
[EventRounds "5"]
[EventCountry "DEN"]
[WhiteTeam "Bronshoj"]
[BlackTeam "Hillerod"]

1. c4  e6  2. d4  d5  3. Nc3  c6  4. e3  Nf6  5. Nf3  Nbd7  6. Bd3
 dxc4  7. Bxc4  b5  8. Bd3  a6  9. O-O  Bb7  10. e4  c5  11. d5  Qc7  12. Ng5  e5  13. b3  c4  14. bxc4  bxc4  15. Bc2  Bc5  16. Na4  Bd4
 17. Rb1  O-O  18. Nf3  Ba7  19. Qe2  Rab8  20. Bd2  Ba8  21. Bc3 
Rxb1  22. Rxb1  Rc8  23. h3  Ne8  24. Qd2  f6  25. Nh4  g6  26. Qe2  Nd6
 27. Qg4  Nf8  28. Kh1  Nb5  29. Ba5  Qd7  30. Qg3  Nd4  31. Bd1  Rb8
 32. Rxb8  Bxb8  33. Qc3  Bc7  34. Bxc7  Qxc7  35. Nb2  f5  36. Nf3 
Nb5  37. d6  Qxd6  38. Qxc4+  Kg7  39. Bb3  Bxe4  40. Qf7+  Kh6  41. Nc4 
Qd8  42. Ncxe5  Nd6  43. Qa7  Bxf3  44. Nxf3  Ne4  45. Ne5  Qd2  46. Nf7+ 
Kh5  47. f3  Qe1+  48. Qg1  Ng3+  49. Kh2  Nf1+   1/2-1/2

[Event "Danish Club Cup 2021"]
[Site "Koge"]
[Date "2021.06.27"]
[Round "5.4"]
[White "Pedersen, Steffen"]
[Black "Laursen, Niels Norskov"]
[Result "1/2-1/2"]
[WhiteElo "2332"]
[BlackElo "2228"]
[EventDate "2021.06.25"]
[EventType "team-tourn"]
[EventRounds "5"]
[EventCountry "DEN"]
[WhiteTeam "Hillerod"]
[BlackTeam "Bronshoj"]

1. d4  Nf6  2. c4
 g6  3. Nc3  d5  4. cxd5  Nxd5  5. e4  Nxc3  6. bxc3  Bg7  7. Nf3  c5  8. h3  O-O  9. Be2
 Nc6  10. Be3  cxd4  11. cxd4  f5  12. O-O 
f4  13. Bc4+  Kh8  14. Bd2  Nxd4  15. Bc3  e5  16. Bb4   1/2-1/2

[Event "Danish Club Cup 2021"]
[Site "Koge"]
[Date "2021.06.27"]
[Round "5.5"]
[White "Meyling, Morten"]
[Black "Jaksland, Tim"]
[Result "0-1"]
[WhiteElo "2220"]
[BlackElo "2218"]
[EventDate "2021.06.25"]
[EventType "team-tourn"]
[EventRounds "5"]
[EventCountry "DEN"]
[WhiteTeam "Bronshoj"]
[BlackTeam "Hillerod"]

1.
e4  e5  2. Nf3  Nc6  3. Bb5  a6  4. Ba4  Nf6
 5. O-O  Be7  6. Bxc6  dxc6  7. d3  Bd6  8. b4
 Bg4  9. Bb2  Nd7  10. a3  Qf6  11. Nbd2 
O-O-O  12. c4  c5  13. Bc3  Rhe8  14. Qb3  b6  15. Qb2  g5  16. Rfb1  h5
 17. a4  cxb4  18. Bxb4  Bxb4  19. Qxb4  a5  20. Qb5  Nc5  21. Ne1  Qd6
 22. Ra3  Bd7  23. Qb2  Bxa4  24. Ndf3  f6  25. h3  Bc6  26. Qe2  Nxe4
 27. Rba1  Nc5  28. Nh2  Rh8  29. Nf1  Qe6  30. Nc2  g4  31. h4  f5  32. Re1  Rhe8  33. Ng3  f4  34. Ne4  Bxe4  35. dxe4  Qd6   0-1

[Event "Danish Club Cup 2021"]
[Site "Koge"]
[Date "2021.06.27"]
[Round "5.6"]
[White "Nordenbaek, Jan"]
[Black "Thuesen, Mogens Henrik"]
[Result "1-0"]
[WhiteElo "2201"]
[BlackElo "2208"]
[EventDate "2021.06.25"]
[EventType "team-tourn"]
[EventRounds "5"]
[EventCountry "DEN"]
[WhiteTeam "Hillerod"]
[BlackTeam "Bronshoj"]

1. e4 c5 2. Nf3 e6 3. Nc3 Nc6 4. d4 cxd4 5. Nxd4 Nf6 6. Nxc6
bxc6 7. e5 Nd5 8. Ne4 Qc7 9. f4 Qb6 10. c4 Ne3 11. Qd3 Nf5 12. g4 Nd4 13. Bg2
Bb7 14. Bd2 c5 15. O-O-O Rd8 16. Kb1 d6 17. exd6 Bxd6 18. f5 Be5 19. Qa3 O-O
20. Ba5 Qa6 21. Nxc5 Bxg2 22. Nxa6 Be4+ 23. Qd3 Bxd3+ 24. Rxd3 Rc8 25. fxe6
Nxe6 26. Bc3 Bxc3 27. Rxc3 Rfd8 28. b3 Rd2 29. Rc2 Rd6 30. Nb4 Nf4 31. Re1 Kf8
32. Re5 Rd1+ 33. Kb2 Rb8 34. Rb5 Rbd8 35. Nc6 Ra8 36. Rb7 a5 37. Ra7 Rxa7 38.
Nxa7 h5 39. gxh5 Nd3+ 40. Kc3 Nb4 41. Re2 Rd3+ 42. Kb2 Rh3 43. a3 Nd3+ 44. Kc2
Nc5 45. b4 Na4 46. Nb5 axb4 47. axb4 Rxh5 48. Nd6 g6 49. b5 Rh3 50. Re8+ Kg7
51. Ra8 Rxh2+ 52. Kb3 Nc5+ 53. Kb4 Nd3+ 54. Kc3 Rh3 55. Kd4 f5 56. b6 Nb4 57.
Kc5  1-0